| 000 | 00317nam a2200133 a 4500 | ||
|---|---|---|---|
| 001 | 5672 | ||
| 003 | CDMR | ||
| 005 | 20130726110016.0 | ||
| 008 | 130130s1993||||||||||||||||||||||||||||d | ||
| 040 |
_aCDMR _bcat _cCPC GIRONA |
||
| 245 | 0 |
_aÈtica i Comunicació _bAnnals |
|
| 260 |
_c1993 _bGovern d'Andorra |
||
| 942 |
_cMON _2udc |
||
| 999 |
_c5672 _d5672 |
||